Modely metafory v odbornom ekonomickom jazyku

Gespeichert in:
Bibliographische Detailangaben
1. Verfasser: Polčicová, Mária
Format: Buch
Sprache:Slowakisch
Deutsch
Veröffentlicht: Banská Bystrica Univerzita Mateja Bela, Ekonomická fakulta v Banskej Bystrici 2006
Schriftenreihe:Studia linguistica 2
Schlagworte:
Tags: Tag hinzufügen
Keine Tags, Fügen Sie das erste Tag hinzu!

MARC

LEADER 00000nam$a2200000$$$4500
001 0049023
005 20230118113158.5
020 |a 80-8083-190-4 
041 0 |a slo 
041 0 |a ger 
044 |a SK 
245 1 0 |a Modely metafory v odbornom ekonomickom jazyku  |c Mária Polčicová 
264 1 |a Banská Bystrica  |b Univerzita Mateja Bela, Ekonomická fakulta v Banskej Bystrici  |c 2006 
300 |a 114 s. 
490 1 |a Studia linguistica  |v 2 
830 0 |a Studia linguistica  |v 2 
610 2 0 |a jazykoveda 
610 2 0 |a terminológia 
610 2 0 |a práca vedecká 
610 2 0 |a jazyky cudzie 
610 2 0 |a štylistika 
610 2 0 |a ekonómia 
100 1 |a Polčicová, Mária